| 000 | 00538nam a22001937a 4500 | ||
|---|---|---|---|
| 003 | MPLRDC | ||
| 005 | 20220104192257.0 | ||
| 008 | 210129b ||||| |||| 00| 0 eng d | ||
| 020 | _a978-957-33-2870-4 | ||
| 082 | _a861.57 DYGW-8 | ||
| 100 | _a东野圭吾 | ||
| 245 |
_a鸟人计划 _c高詹灿 译 |
||
| 250 | _a初版 | ||
| 260 |
_a台湾 _b皇冠文化出版有限公司 _c2012 |
||
| 300 | _b平 | ||
| 490 | _a皇冠丛书: 第4181种; 东野圭吾作品集: 11 | ||
| 650 | _a日本文学--小说 | ||
| 942 |
_cBK _o861.57 DYGW-8 |
||
| 999 |
_c64642 _d64632 |
||